| 000 | 00491nam a2200193Ia 4500 | ||
|---|---|---|---|
| 001 | 22872 | ||
| 003 | IN-NITTTR | ||
| 005 | 20251114233257.0 | ||
| 008 | 251113s9999||||xx |||||||||||||| ||eng|| | ||
| 040 | _beng | ||
| 040 | _cIN-NITTTR | ||
| 041 | _aeng | ||
| 082 | _a531 L14I | ||
| 100 | _aLai, W. Michael | ||
| 245 | 0 |
_aIntroduction to continuum mechanics. / _cLai, W. Michael, Rubin, David, Krempl, Erhard |
|
| 700 | _a Krempl, Erhard | ||
| 700 | _a Rubin, David | ||
| 942 |
_2ddc _cBK |
||
| 999 |
_c25501 _d25501 |
||